000 02300cam a22004694i 4500
003 PE-LiUPU
005 20250731172750.0
008 150617s r 000 0 d
035 _a(Sirsi) a12460
040 _aPE-LiUPU
_bspa
_cPE-LiUPU
_erda
049 _aPRUA
082 0 4 _a232.12241
_bS5
_221
100 1 _aSimpson, A. B.,
_eautor.
245 1 0 _aCristo en la Biblia :
_bla profecía de Isaías /
_cA. B. Simpson.
264 1 _aCali :
_bLibrería La Aurora,
_c1949.
300 _a317 páginas ;
_c18 cm.
336 _atext
_2rdacontent
337 _aunmediated
_2rdamedia
338 _avolume
_2rdacarrier
505 0 _aEl llamado de Isaías y su consagración -- El pecado y la salvación -- La visión de Isaías -- Isaías y Jerusalem -- Isaías y las naciones -- La señal de la encarnación -- El nombre maravilloso -- La parábola de la viña -- El rey de justicia y de paz -- Un clavo en lugar firme -- El rey y el hombre -- Quietud y confianza -- El hombre justo y su bendición -- Derramamientos pentecostales del Espíritu Santo y el evangelio -- Preparando el camino del Señor -- La pasión de Dios -- El siervo del Señor -- Los siervos del Señor -- El doliente Salvador -- Cristo, Conquistador, Salvador y sufridor -- El evangelio de Isaías -- La correcta e incorrecta manera de vivir -- El evangelio cuádreple de Isaías -- Los "no temáis" de Isaías -- Cuatro llamamientos -- El misterio de la oración.
526 _aSEG42
526 _aSEG41
526 _aSEG40
526 _aSEG39
526 _aP94
526 _aP87
526 _aP86
526 _aP85
526 _aP77
526 _aP76
526 _aP35
600 1 _aJesucristo en el Antiguo Testamento
600 1 _aJesucristo en el Nuevo Testamento
650 0 4 _aCristología.
910 _ajck
_bjvq
_cjck
_d20150616
942 _2ddc
_cBOOK
949 _a232.12241 S5
_wDEWEY
_c1
_i04853
_lCCODEBUL1
_mBUL
_p00.00
_r0
_sY
_tBOOK
_u19921116
_xTEOLOGIA
_PP35
_0COMPRA
_o.STAFF. Colección general
994 _aC0
_bPEPRU
596 _a1
999 _a232.12241 S5
_wDEWEY
_c2721
_i04853
_d2721
_e2022-6-6
_f2021-11-10
_g5
_lCCODEBUL1
_mBUL
_n1
_q1
_r0
_sY
_tBOOK
_u2015-6-17
_xTEOLOGIA
_PP35
_0COMPRA
_o.STAFF. Colección general
980 _81
_gALBERTO SANCHEZ Responsable de Automatización